Súčasný afganský vzdelávací systém

Afganský vzdelávací systém. Ukazovatele školského afganského systému. Postavenie afganských žien a vzdelávanie. Spolupráca s medzinárodnými organizáciami . Základné aktivity rozvojových regionálnych projektov. Súčasná štatistika v skratke. Rekonštrukcia afganského edukačného systému.

Na minha lista:
Detalhes bibliográficos
Autor principal: Prihodova, Patricia
Formato: Capítulo de Livro
Idioma:eslovaco
Assuntos:
Tags: Adicionar Tag
Sem tags, seja o primeiro a adicionar uma tag!

MARC

LEADER 00000naa$a2200000$$$4500
001 0006694
005 20230918124412.2
041 0 |a slo 
044 |a SK 
245 1 0 |a Súčasný afganský vzdelávací systém  |c aut. Patricia Prihodova 
520 |a Afganský vzdelávací systém. Ukazovatele školského afganského systému. Postavenie afganských žien a vzdelávanie. Spolupráca s medzinárodnými organizáciami . Základné aktivity rozvojových regionálnych projektov. Súčasná štatistika v skratke. Rekonštrukcia afganského edukačného systému. 
610 2 0 |a andragogika 
610 2 0 |a školy základné 
610 2 0 |a školy vysoké 
610 2 0 |a školstvo 
610 2 0 |a Afganistan 
610 2 0 |a pomoc medzinárodná 
610 2 0 |a projekty 
100 1 |a Prihodova, Patricia